000 00275nam a22001217a 4500
008 180122b xxu||||| |||| 00| 0 eng d
041 _aeng
080 _240 ED
_a34
100 _a14
101 _aJUR
245 _aLABOR LAW CASES AND MATERIALS
_cCOX.A
942 _2udc
_cBK
999 _c40624
_d40624